Times por Escudo - Brasileirão Serie C 2024 - Statistics

Estatísticas Gerais
  • Esse quiz foi jogado 425 vezes
  • A pontuação média é 16 de 20
Estatísticas das Respostas
Imagem Resposta % Correto
Náutico
93%
Figueirense
91%
Londrina
91%
Sampaio Corrêa
89%
Caxias
88%
CSA
87%
ABC
85%
Ferroviária
85%
Volta Redonda
85%
Botafogo PB
84%
Ferroviário
81%
Tombense
80%
Remo
78%
São Bernardo
76%
Floresta
75%
São José RS
74%
Ypiranga RS
73%
Athletic
66%
Aparecidense
55%
Confiança
54%
Nenhum quiz correspondente encontrado
Distribuição das Pontuações
Porcentagem de Pessoas com Cada Pontuação
Percentil de Números Respondidos
Sua Pontuação Histórica
Você não jogou esse quiz